An humble motion vvith submission vnto the right Honorable LL. of Hir Maiesties Priuie Counsell : VVherein is laid open to be considered, how necessarie it were for the good of this lande, and the Queenes Majesties safety, that ecclesiasticall discipline were reformed after the worde of God: and how easily there might be provision for a learned ministery.

Bibliographic Details
Main Author: Penry, John, 1559-1593
Format: eBook
Language:English
Published: [Edinburgh : Printed by R. Waldegrave], Anno 1590.
Series:Early English books online.
Subjects:
Online Access:Connect to the full text of this electronic book

MARC

Tag First Indicator Second Indicator Subfields
LEADER 00000nam a2200000 4500
001 in00004228213
005 20200806094416.0
006 m g d
007 cr bn |||a|bb|
008 900907s1590 stk o 00| | eng d
035 |a (UnM)99836453 
037 |a CL0036000007  |b ProQuest. 789 E. Eisenhower Parkway, Ann Arbor, MI 48108-3218 
040 |a Cu-RivES  |c Cu-RivES  |d CStRLIN  |e dcrb  |d WaOLN 
100 1 |a Penry, John,  |d 1559-1593. 
245 1 3 |a An humble motion vvith submission vnto the right Honorable LL. of Hir Maiesties Priuie Counsell :  |b VVherein is laid open to be considered, how necessarie it were for the good of this lande, and the Queenes Majesties safety, that ecclesiasticall discipline were reformed after the worde of God: and how easily there might be provision for a learned ministery. 
246 2 |a Humble motion with submission unto the right Honorable LL. of Hir Majesties Privie Counsell 
246 2 |a Humble motion with submission unto the right Honorable LL. of Hir Majesties Privie Counsell. 
246 2 |a Humble motion to the LL. of the Counsell. 
260 |a [Edinburgh :  |b Printed by R. Waldegrave],  |c Anno 1590. 
300 |a 1 online resource (111, [1] pages) 
336 |a text  |b txt  |2 rdacontent 
337 |a computer  |b c  |2 rdamedia 
338 |a online resource  |b cr  |2 rdacarrier 
500 |a By John Penry. 
500 |a Printer's name and publication place from STC. 
500 |a Running title reads: An humble motion to the LL. of the Counsell. 
500 |a Reproduction of the original in Yale University. Library. 
510 4 |a STC (2nd edition)  |c 7754. 
533 |a Electronic reproduction.  |b Ann Arbor, Mich. :  |c UMI,  |d 1999-  |f (Early English books online)  |n Digital version of: (Early English Books, 1475-1640 ; 220:05)  |7 s1999 miun s 
610 2 0 |a Church of England  |x Clergy  |x Training of  |v Early works to 1800. 
650 0 |a Church discipline  |v Early works to 1800. 
830 0 |a Early English books online. 
856 4 0 |u http://proxy.library.tamu.edu/login?url=https://search.proquest.com/docview/2240947192  |z Connect to the full text of this electronic book  |t 0 
999 f f |s 451079f6-13eb-3ba4-8a7f-8da707b78961  |i 3cfe2490-699e-3a09-90db-8e83eee0a5a3  |t 0 
952 f f |a Texas A&M University  |b College Station  |c Electronic Resources  |d Available Online  |t 0  |h No information provided 
998 f f |t 0  |l Available Online